000 02279nam2a2200265 4500
001 RU\NLR\BIBL_A\011542475
005 20250626090453.0
010 _a978-5-88814-528-9
021 _aRU
_b2017-83835
_96054
035 _a(NLR Aleph) 011542475
090 _a12202688
_c12202688
100 _a20171129d2017 |||y0rusy50 ca
101 0 _arus
_aeng
102 _aRU
105 _aa|||z|||110zy
200 0 _aЧ. 1
210 _d2017
_aБ. м.
215 _a336 с.
_cил.
320 _aБиблиогр. в конце ст.
461 0 _1001RU\NLR\BIBL_A\011550428
_12001#$aРеклама и связи с общественностью: традиции и инновации$dAdvertising and public relations: traditions and innovations$eтруды пятой юбилейной Международной научно-практической конференции, 14-15 сентября 2017 г.$fРосжелдор, Федеральное государственое бюджетное образовательное учреждение высшего образования "Ростовский государственный университет путей сообщения" (ФГУБОУ ВО РГУПС), [ООО "РГУПС - Эксмо"$gредколлегия: А.Н. Гуда (председатель) и др.]$zeng$vЧ. 1
_912241031
_cРостов-на-Дону
_d2017
_fРосжелдор, Федеральное государственое бюджетное образовательное учреждение высшего образования "Ростовский государственный университет путей сообщения" (ФГУБОУ ВО РГУПС), [ООО "РГУПС - Эксмо"
_lAdvertising and public relations: traditions and innovations
_nФГБОУ ВО РГУПС
_oтруды пятой юбилейной Международной научно-практической конференции, 14-15 сентября 2017 г.
_tРеклама и связи с общественностью: традиции и инновации
_y9785888145289
_vЧ. 1
942 _cBOOK
980 _aNB